[Event "Perth op"]
[Site "Perth"]
[Date "2023.01.06"]
[Round "7"]
[White "Wolffs, Walter"]
[Black "Xiaozhou, Ning"]
[Result "1/2-1/2"]
[WhiteElo "1383"]
[BlackElo "1583"]
[PlyCount "61"]
[EventDate "2023.01.02"]
[EventType "swiss"]
[EventRounds "11"]
[EventCountry "AUS"]
[SourceTitle "CBM 212 Extra"]
[Source "ChessBase"]
[SourceDate "2023.03.31"]
[SourceVersion "1"]
[SourceVersionDate "2023.03.31"]
[SourceQuality "1"]

1. d4 Nf6 2. c4 e6 3. Nf3 Bb4+ 4. Bd2 Qe7 5. a3 Bxd2+ 6. Qxd2 0-0 7. g3 d5 8. Bg2 c6 9. 0-0 Rd8 10. Qc2 b6 11. Nbd2 Bb7 12. Ne5 c5 13. cxd5 cxd4 14. dxe6 Bxg2 15. Kxg2 Qxe6 16. Ndf3 Nbd7 17. Qc6 Nxe5 18. Qxe6 fxe6 19. Nxe5 Rd5 20. f4 Nd7 21. Nc6 Rd6 22. Rac1 Nc5 23. Ne5 d3 24. exd3 Nxd3 25. Nxd3 Rxd3 26. Rfd1 Rad8 27. Rxd3 Rxd3 28. Kh3 Rd2 29. b4 Kf7 30. Rc6 Ke7 31. Rc3 1/2-1/2